000 00313nam a2200133Ia 4500
008 150301s2015 xx 000 0 und d
082 _a615.1
_bP11S
100 _aK. SAMBAMERTHY
245 _aPHARMACEUTICAL BIOTECHNOLOGY
260 _bNEW AGE INT.
300 _a480
650 _aPHARMACEUTICS
942 _2ddc
_cBK
999 _c7207
_d7207